000 00629cam a2200217 i 4500
001 4108446
005 20180224070531.0
008 751006s1976 moua b 001 0 eng
010 _a 75033863
020 _a0801630339
040 _aDLC
_cDLC
_dDLC
_dOCoLC
_dDLC
041 _aeng
080 _a581.824
082 0 0 _a581.824 LOT
100 1 _a9
101 _aMJE
245 1 2 _aA scanning electron microscope study of green plants /
_cJohn N. A. Lott ; with the technical assistance of James J. Darley.
504 _aBibliography: p. 164-165.
906 _a7
_bcbc
_corignew
_d1
_eocip
_f19
_gy-gencatlg
942 _2ddc
_cBK
999 _c43371
_d43371